000 00294nam a2200121Ia 4500
008 190216s9999||||xx |||||||||||||| ||und||
100 _aPieter Wesseling
245 0 _aPrinciples Of Computational Fluid Dynamics
260 _bSpringer
_c2006
300 _a644
650 _aPhysics
942 _cBK
999 _c34509
_d34509